Idéologies de A à Z - Statistiques

Statistiques générales
  • Ce quiz a été pris 80 fois
  • Le résultat moyen est 6 sur 26
Statistiques - réponses
Indices Idéologie % Correct
B Au choix : partisans du trône napoléonien ou d'une nation au pouvoir exécutif centralisé Bonapartisme
87%
T Idéologie de Lutte Ouvrière et du NPA Trotskysme
45%
O Courant royaliste français opposé au bonapartistes ainsi qu'aux légitimistes Orléanisme
42%
D Pour combiner amour de la démocratie et amour du Christ Démocratie chrétienne
40%
W Terme fourre-tout utilisé par la droite comme épouvantail pour disqualifier toute idéologie qui serait vaguement de gauche Wokisme
39%
Z Mouvement d'organisation de squats dans l'optique de défendre une zone face à un projet de construction qui lui serait écologiquement nuisible Zadisme
34%
K Également appelé "Atatürkisme" en Turquie Kémalisme
31%
Y Volonté d'unir les états slaves d'Europe au début du siècle Yougoslavisme
27%
J Idéologie officielle de la Corée du Nord Juché
26%
Q Mouvement conspirationniste américain, soutient de Trump face à un prétendu "Deep State" démocrate pédo-sataniste QAnon
26%
U Adjectif qualifiant le socialisme des prémarxistes Utopique
26%
C Tentation des groupes entreprises à être centraux dans l'organisation de la société et de l'état Corporatisme d'État
24%
G "Maladie infantile du communisme" selon Lénine Gauchisme
23%
H Idéologie de ceux qui se revendiquent de celui qui fut à la tête de l'Albanie communiste Hoxhaïsme
21%
N Courant littéraire et politique à l'initiative d'Aimé Césaire Négritude
21%
R Parti fasciste et chrétien de Belgique fondé par le collaborationniste Léon Degrelle Rexisme
19%
L Idéologie de ceux qui se revendiquent du trotskyste Pierre Boussel Lambertisme
16%
X Equivalent plus court pour exprimer "la pensée de Xi Jinping sur le socialisme à la chinoise de la nouvelle ère" Xiisme
16%
E Volonté des partis communiste d'Europe de l'Ouest dans les années 70 de s'allier pour se détacher du marxisme-léninisme de l'URSS Eurocommunisme
15%
V Syncrétisme du véganisme et de l'anarchisme Véganarchisme
15%
M Exonyme moqueur désignant les maoïstes spontanéistes Mao-Spontex
13%
P Terme qui situe les dinosaures les plus à droite du Parti républicain Paléo-conservatisme
10%
I Courant anarchiste revendiquant le banditisme révolutionnaire Illégalisme
6%
A Relatif aux différents nationalistes basques Abertzalisme
5%
S Idéologie née au Vanuatu, synthèse du christianisme, des coutumes locales, soupoudré d'un vague anti-capitalisme. Socialisme Mélanésien
5%
F Terme francophone désignant le mouvement nationaliste flamand dans son ensemble Flamingantisme
2%
Aucun quiz correspondant
Distribution des résultats
% des personnes avec chaque résultat
Percentile par nombre de réponses
Votre historique - résultats
Vous n’avez pas pris ce quiz